Logo BPK

Biblioteka

Politechniki Koszalińskiej

Handbook of glass data. P.A, Silica glass and binary silicate glasses / (Rekord nr 23810)

Szczegóły MARC
000 -ETYKIETA REKORDU
podpole kontrolne o stałej długości 00680nam a2200229 i 4500
001 - NUMER KONTROLNY REKORDU
pole kontrolne bg
020 ## - MIĘDZYNARODOWY ZNORMALIZOWANY NUMER KSIĄŻKI - ISBN
ISBN 0444422153
040 ## - ŹRÓDŁO KATALOGOWANIA
Instytucja, która utworzyła rekord BPK
041 ## - KOD JĘZYKA
Kod języka tekstu pol
080 ## - UNIWERSALNA KLASYFIKACJA DZIESIĘTNA - UKD
UKD 666.1/.2
920 ## - Międzynarodowy znormalizowany numer książki – ISBN
ISBN 0-444-42215-3
008 - POLE O STAŁEJ DŁUGOŚCI - DANE KONTROLNE
podpole kontrolne o stałej długości s pl f |000 0 pol
100 1# - NAZWA OSOBOWA
Nazwa osobowa MAZURIN, O. V.
245 #M - TYTUŁ/ODPOWIEDZIALNOŚĆ
Tytuł Handbook of glass data. P.A, Silica glass and binary silicate glasses /
Pozostałe elementy strefy tytułu i oznaczenia odpowiedzialności O. V. Mazurin, M. V. Streltsina, T. P. Shvaiko-Shvaikovskaja.
260 ## - STREFA ADRESU WYDAWNICZEGO
Miejsce wydania Amsterdam :
Nazwa wydawcy/dystrybutora Elsevier,
Data publikacji, dystrybucji/powstania dokumentu 1983.
490 1# - STREFA SERII I DOKUMENTU WIELOCZĘŚCIOWEGO - FORMA NIE DO WYSZUKIWANIA
Tytuł i oznaczenie odpowiedzialności serii Physical Sciences Data ;
Numeracja w obrębie serii 15
650 #9 - HASŁO PRZEDMIOTOWE W FORMIE NAZWY OGÓLNEJ LUB JEDNOSTKOWEJ
Nazwa ogólna lub geograficzna Szkło
700 1# - HASŁO DODATKOWE - NAZWA OSOBOWA
Nazwa osobowa STRELTSINA, M. V.
700 1# - HASŁO DODATKOWE - NAZWA OSOBOWA
Nazwa osobowa SHVAIKO-SHVAIKOVSKAYA, T. P.
830 ## - HASŁO DODATKOWE SERII LUB DOKUMENTU WIELOCZĘŚCIOWEGO - TYTUŁ UJEDNOLICONY
Tytuł ujednolicony Physical Sciences Data ;
856 ## - LOKALIZACJA I DOSTĘP DO ELEKTRONICZNYCH DOKUMENTÓW ZDALNYCH
Link (URL) http://koha.tu.koszalin.pl/cgi-bin/koha/opac-detail.pl?biblionumber=23810
Tekst linku Katalog online BPK
942 ## - DODATKOWE ELEMENTY (KOHA)
Typ dokumentu Książka
Egzemplarze
Wycofany Status egzemplarza Uszkodzony Dostępność Lokalizacja stała Lokalizacja bieżąca Miejsce przechowywania Sygnatura Kod kreskowy Ostatnio wypożyczono Typ dokumentu
      Dostępny Biblioteka Politechniki Koszalińskiej Biblioteka Politechniki Koszalińskiej Wypożyczalnia BG 34039 01925838 18.06.2014 Książka
© 2023 Biblioteka Politechniki Koszalińskiej :: KOHA